000 00859nam a2200241 a 4500
001 43881
003 BD-RjUL
005 20211209053751.0
008 160628s1967 enkba b 001 0 eng
035 _a(BD-RjUL)43999
035 _a(NNC)1652031
040 _aDLC
_cANC
_dOCL
_dUKM
_dBD-RjUL
_dZCU
_beng
041 _aeng
082 _223
_a325.342096
_bPEC 1967
100 1 0 _aPerham, Margery,
_d1895-1982.
_9134838
245 1 0 _aColonial sequence 1930 to 1949 :
_ba chronological commentary upon British colonial policy especially in Africa /
_cMargery Perham
260 _aLondon :
_bMethuen; [distribution in the U.S.A. by Barnes & Noble,
_cc1967
300 _axxiv, 351 p. :
_bill. ;
_c23 cm.
504 _aBibliography: p. [xxv] and index
651 0 _aGreat Britain
_xColonies
_zAfrica
_xAdministration.
_9134839
942 _2ddc
_cBK
999 _c43881
_d43881